000 01592cam a2200361 a 4500
999 _c130291
_d130291
001 12897761
003 ARRUPE
005 20200204120642.0
008 020816s2003 nyuaf b 001 0beng
010 _a 2002029994
020 _a0743226860
040 _aDLC
_cDLC
_dDLC
043 _ae-uk---
050 0 0 _aCT788.R64
_bW48 2003
082 0 0 _a332.1/092/241
_aB
_221
100 1 _aWeintraub, Stanley,
_d1929-
_949339
245 1 0 _aCharlotte and Lionel :
_ba Rothschild marriage /
_cStanley Weintraub.
260 _aLondon :
_bPockett Books,
_cc2004.
300 _axviii, 345 p., [16] p. of plates :
_bill. ;
_c20 cm.
504 _aIncludes bibliographical references and index.
600 1 0 _aRothschild, Lionel Nathan de,
_cBaron,
_d1808-1879.
_949340
600 1 0 _aRothschild, Charlotte de,
_d1819-1884.
_949341
600 3 0 _aRothschild family.
_949342
650 0 _aJewish bankers
_zGreat Britain
_vBiography.
_949343
650 0 _aBankers
_zGreat Britain
_vBiography.
_949344
651 0 _aGreat Britain
_vBiography.
_910090
856 4 2 _3Contributor biographical information
_uhttp://www.loc.gov/catdir/bios/simon052/2002029994.html
856 4 1 _3Sample text
_uhttp://www.loc.gov/catdir/samples/simon031/2002029994.html
856 4 2 _3Publisher description
_uhttp://www.loc.gov/catdir/description/simon034/2002029994.html
906 _a7
_bcbc
_corignew
_d1
_eocip
_f20
_gy-gencatlg
942 _2lcc
_cMONOGRAPH